| 000 | 00736nam a22001937a 4500 | ||
|---|---|---|---|
| 999 |
_c13089 _d13089 |
||
| 003 | AR-CdUCM | ||
| 008 | 190411b ||||| |||| 00| 0 spa d | ||
| 040 |
_aMUNICIPALIDAD PROVINCIAL DEL CUSCO _cBIBLIOTECA MUNICIPAL DEL CUSCO |
||
| 082 |
_aC / 869.56 / _bS88 / 1949 |
||
| 100 |
_aSueldo Guevara, Ruben _96569 |
||
| 245 | _aPanorama actual de la literatura Cuzqueña / | ||
| 260 |
_aCusco : _bEl Comercio, _c1949. |
||
| 300 |
_a47 paginas ; _c22 cm. |
||
| 505 | _aContenido :Del romance cholo por el Inca Garcilaso a Canto de la primavera --El grupo renovador Alkamari --Torneo Sur-Peruano de letras y sus frutos ... | ||
| 650 |
_aLiteratura _983 |
||
| 650 |
_aTerritorio _914668 |
||
| 942 |
_2ddc _cLIBROS |
||
| 945 |
_arjall _d2019-04-11 |
||